Find Five 'W' Things Quiz Stats

 Plays Quiz Updated Dec 27, 2017

Challenge
Share
Tweet
Embed
Score 0/50 Timer 05:00
177 Plays Today
% Correct
Walrus
95.2%
Wombat
92.4%
When
91.4%
Wallaby
91.3%
Why
91.1%
Who
91%
Weasel
90.9%
Where
90.8%
What
90.8%
Wendy's
89.4%
West Ham United
89.4%
Whataburger
87.9%
West Bromwich Albion
86.9%
Warwickshire
85.8%
Wolverine
85.4%
Winslet
85.3%
Wolverhampton Wanderers
84.6%
Witherspoon
83.7%
Wario
81.8%
Worcestershire
81.6%
Watchman
81.6%
Wren
81.1%
Warbler
78.4%
White Castle
77.8%
Whitaker
77.4%
% Correct
Wailaki
75.4%
Wiltshire
75.4%
Wrinkly Kong
74.3%
Wayne
74%
Wichita
73.1%
Wheelwright
72.9%
Wigtownshire
72.8%
Waluigi
72.5%
Watercock
72.5%
Wagtail
71.9%
Walla Walla
71.6%
Washington
69.9%
Waldo the Wizard
68.5%
Wainwright
68.3%
Winnebago
65.9%
Waxwing
65.3%
WingStreet
64.6%
Waco
62.2%
Wienerschnitzel
61.6%
Whiffler
60.4%
Warrener
60.3%
Wimbledon
54.4%
Watford
50.3%
West Lothian
47.6%
Wart
35.6%

You're not logged in!

Compare scores with friends on all Sporcle quizzes.
OR
Log In

You Might Also Like...

Show Comments

Extras

Top Quizzes Today


Score Distribution

Your Account Isn't Verified!

In order to create a playlist on Sporcle, you need to verify the email address you used during registration. Go to your Sporcle Settings to finish the process.

Report this User

Report this user for behavior that violates our Community Guidelines.

Details: